四川省小测验-Sichuan Province Quiz - Statistics

General Stats
  • This quiz has been taken 29 times
  • The average score is 17 of 22
Answer Stats
提示 答案 % Correct
省会城市 成都市
96%
相邻的省级行政区 陕西省
96%
相邻的省级行政区 甘肃省
96%
相邻的省级行政区 西藏自治区
96%
相邻的省级行政区 云南省
96%
相邻的省级行政区 贵州省
96%
相邻的省级行政区 重庆市
92%
相邻的省级行政区 青海省
92%
这位中国领导人出生于四川广安,被称为“总设计师” 邓小平
92%
主要的汉方言大类 官话
88%
这座山是中国道教四大名山之一 青城山
88%
全世界最早的纸币出现于四川,它的名字是 交子
88%
这种菜肴相传为清代四川总督丁宝桢所创 宫保鸡丁
75%
这座跨大渡河的铁索桥因红军长征时的一场战斗而闻名 泸定桥
75%
这位初唐文学家出生于四川射洪,著有《登幽州台歌》 陈子昂
75%
这个民族在中国唯一的聚居区位于四川 羌族
67%
世界文化与自然双重遗产 峨眉山-乐山大佛
67%
这位近代文学家出生于四川乐山,著有诗集《女神》 郭沫若
67%
这条河流是金沙江第一大支流 雅砻江
58%
这两种汉方言在四川有较为分散的分布 湘语
46%
这两种汉方言在四川有较为分散的分布 客家话
42%
这位南宋数学家出生于四川安岳,著有《数书九章》 秦九韶
29%
No matching quizzes found
Score Distribution
Percent of People with Each Score
Percentile by Number Answered
Your Score History
You have not taken this quiz